000 005120000a22001930004500
001 001239
003 MACL
005 20150908155051.0
008 150908b xxu||||| |||| 00| 0 eng d
040 _aMACL
_cMACL
041 _aEnglish
082 _a808.042/SIN
100 _aSingh, R.K.
_99346
245 _aAnger in Action: Explorations of Anger in Indian English Writing
_cR.K. Singh
260 _aNew Delhi
_c1997
_bBahri Publications,
350 _a300
650 _aLiterature
_99347
942 _k808
_cBK
_2ddc
999 _c1234
_d1234